|
|
|
|
| LEADER |
00000csc a2200000 a 4500 |
| 001 |
39-8 |
| 005 |
20230308213125.0 |
| 008 |
000000|1917 ||||||||r|||||||||||spa|| |
| 040 |
|
|
|b spa
|
| 041 |
0 |
|
|a Inglés
|
| 082 |
0 |
|
|a 500
|
| 100 |
1 |
|
|a Swiggett, Glen Levin
|9 20018
|
| 245 |
|
|
|a Mining, Metallurgy, Economic Geology and Applied Chemistry
|c Glen Levin Swiggett
|h imp
|n no. 7
|
| 264 |
|
|
|a Washington
|b Government Printing Office
|c 1917
|
| 300 |
|
|
|a xv. 1045 páginas:
|b ilu
|c 23.5 cm
|
| 490 |
|
|
|a Proceedings of the Second Pan American Scientific Congress
|n no. 8
|
| 650 |
|
|
|a Congreso cientifico
|9 183965
|
| 650 |
|
|
|a Geologia economica
|9 215098
|
| 650 |
|
|
|a Metalurgia
|9 12653
|
| 650 |
|
|
|a Quimica aplicada
|9 12765
|
| 852 |
|
|
|a UC-CDJBV
|c ESTANTERIA CERRADA
|f Compra
|k mariana.feican
|l 1
|m Limitada
|p 00000000
|q 20.00
|t 39-8
|b 1
|d CDRC
|e CDRC
|g 500 ESTANTERIA CERRADA
|z 0000-00-00
|
| 942 |
|
|
|
| 999 |
|
|
|c 124470
|d 124470
|